|
|
|
|
| LEADER |
00000nam a22000007a 4500 |
| 005 |
20190814022243.0 |
| 007 |
cr|||| |||| |
| 008 |
190814s2018 co |||||s|||| 00||0 spa d |
| 020 |
|
|
|a 9789585456242
|
| 035 |
|
|
|a 24033
|
| 040 |
|
|
|a vLex
|
| 090 |
|
|
|c 9183
|d 9183
|
| 100 |
1 |
|
|a Cubides Cr̀denas, Jaime
|
| 245 |
1 |
0 |
|a Responsabilidad internacional y proteccin̤ ambiental
|h [Recurso electrn̤ico] /
|c Jaime Cubides Cr̀denas, Tania Giovanna Vivas Barrera, Jos ̌Vicente Andrade Otaiza, Juan Carlos Hoyos Rojas, Paola Alejandra Abril Zuleta, Paola Alexandra Sierra Zamora, Paula Andrea Barreto Cifuentes, Rosa Elizabeth Guio Camargo, Adelmo Orlando Fajardo Hernǹdez, Antonio Fajardo Rico, Bernardo Přez Salazar, Carlos Eduardo Castro Buitrago, Dayana Andrea Gordillo Pinzn̤, Efrň Chv̀ez Hernǹdez, Fernanda Navas Camargo, Johan Sebastiǹ Sur̀ez Pinilla
|
| 256 |
|
|
|a Servicio en ln̕ea
|
| 260 |
|
|
|a Bogot:̀
|b Universidad Catl̤ica de Colombia,
|c 2018
|
| 300 |
|
|
|a 1 recurso electrn̤ico
|
| 500 |
|
|
|a en tiempos de paz, en medio del conflicto armado y en etapas de posconflicto. A travš de los aǫs, se han evidenciado situaciones alrededor del mundo que marcan la historia radicalmente y que, en consecuencia, plantean un cambio de perspectiva desde diferentes m̀bitos, ya sea, sociales, econm̤icos o polt̕icos. En el presente libro se plantea una de estas situaciones fundamentales en Colombia: el conflicto armado interno; evidenciando diferentes rasgos y actores que se presentan a consecuencia de este, divididos en dos grandes partes: responsabilidad internacional y proteccin̤ ambiental. En cuanto a la primera parte, se evidencian diferentes rasgos de la responsabilidad internacional: por violaciones a Derechos Humanos, por conflictos armados, por daǫs al medio ambiente; ya sea de empresas multinacionales o Estados. Adems̀, se plantea la proteccin̤ a los niǫs en el conflicto armado, y la etapa posterior a una condena internacional de un Estado. En la segunda parte, se evidencian rasgos de proteccin̤ ambiental: su relacin̤ con el control de constitucionalidad, el rol de las comunidades indg̕enas, los desafo̕s en el posconflicto y la accin̤ de cumplimiento como una posible herramienta para esta. Por todo ello, la obra plantea realidades actuales que afligen a la sociedad en general, no solo en Colombia, sino tambiň en diferentes partes del mundo, debido a que se evidencia la magnitud que han tenido diferentes hechos a lo largo de la historia y la importancia con la cual deben ser afrontadas, especf̕icamente en relacin̤ con el ambiente y los Derechos Humanos.
|
| 506 |
1 |
|
|a Disponible solo en los productos indicados
|d vLex Global
|d vLex Global (Academic Edition, excluding Law Schools)
|d vLex Global (U.S. Academic Edition, Law Schools)
|d vLex Global (U.S. Academic Edition, excluding Law Schools)
|d vLex Global (Academic Edition, Law Schools)
|
| 650 |
0 |
4 |
|a Derecho del Medio Ambiente
|z Colombia
|
| 650 |
0 |
4 |
|a Derecho Internacional
|z Colombia
|
| 650 |
0 |
4 |
|a Economa̕ Espaǫla
|z Colombia
|
| 700 |
1 |
|
|a Vivas Barrera, Tania Giovanna
|
| 700 |
1 |
|
|a Andrade Otaiza, Jos ̌Vicente
|
| 700 |
1 |
|
|a Hoyos Rojas, Juan Carlos
|
| 700 |
1 |
|
|a Abril Zuleta, Paola Alejandra
|
| 700 |
1 |
|
|a Sierra Zamora, Paola Alexandra
|
| 700 |
1 |
|
|a Barreto Cifuentes, Paula Andrea
|
| 700 |
1 |
|
|a Guio Camargo, Rosa Elizabeth
|
| 700 |
1 |
|
|a Fajardo Hernǹdez, Adelmo Orlando
|
| 700 |
1 |
|
|a Rico, Antonio Fajardo
|
| 700 |
1 |
|
|a Přez Salazar, Bernardo
|
| 700 |
1 |
|
|a Castro Buitrago, Carlos Eduardo
|
| 700 |
1 |
|
|a Gordillo Pinzn̤, Dayana Andrea
|
| 700 |
1 |
|
|a Hernǹdez, Efrň Chv̀ez
|
| 700 |
1 |
|
|a Camargo, Fernanda Navas
|
| 700 |
1 |
|
|a Sur̀ez Pinilla, Johan Sebastiǹ
|
| 740 |
0 |
|
|a vLex Libros (Servicio en ln̕ea)
|
| 856 |
4 |
0 |
|u http://vlex.com/source/responsabilidad-internacional-y-proteccion-ambiental-24033
|z Acceso restringido
|
| 942 |
|
|
|c BOOK
|
| 999 |
0 |
|
|a Environmental Law
|
| 999 |
0 |
|
|a International Law
|
| 999 |
0 |
|
|a Spanish Economy
|